Dặm đường lang thang
Quyển sách trình bày hai phần. Thứ nhất là ký sự " Đường lên Tây Tạng" tác giả thuật lại cuộc hành trình lên Tây Tạng, sống và tham quan hơn một tuần nơi ấy. Phần hai là phóng sự xã hội " Tận đáy xã hội" tác giả thâm n...
Gardado en:
| Autor Principal: | |
|---|---|
| Formato: | Libro |
| Idioma: | Undetermined |
| Publicado: |
Tp. Hồ chí Minh
Trẻ
2006
|
| Những chủ đề: | |
| Các nhãn: |
Engadir etiqueta
Sen Etiquetas, Sexa o primeiro en etiquetar este rexistro!
|
| Thư viện lưu trữ: | Trung tâm Học liệu Trường Đại học Cần Thơ |
|---|
| LEADER | 01012nam a2200217Ia 4500 | ||
|---|---|---|---|
| 001 | CTU_112945 | ||
| 008 | 210402s9999 xx 000 0 und d | ||
| 020 | |c 34000 | ||
| 082 | |a 895.922803 | ||
| 082 | |b T123 | ||
| 100 | |a Nguyễn, Tập | ||
| 245 | 0 | |a Dặm đường lang thang | |
| 245 | 0 | |c Nguyễn Tập | |
| 260 | |a Tp. Hồ chí Minh | ||
| 260 | |b Trẻ | ||
| 260 | |c 2006 | ||
| 520 | |a Quyển sách trình bày hai phần. Thứ nhất là ký sự " Đường lên Tây Tạng" tác giả thuật lại cuộc hành trình lên Tây Tạng, sống và tham quan hơn một tuần nơi ấy. Phần hai là phóng sự xã hội " Tận đáy xã hội" tác giả thâm nhập và viết về những con người lâm vào con đường tù tội,... | ||
| 650 | |a Vietnamase literature,Memoirs | ||
| 650 | |y 21st century | ||
| 904 | |i Minh | ||
| 980 | |a Trung tâm Học liệu Trường Đại học Cần Thơ | ||